| 000 | 00898cam a22002773a 4500 | ||
|---|---|---|---|
| 001 | 20991 | ||
| 003 | PGUSA | ||
| 005 | 20140828083439.0 | ||
| 008 | 070405s2007||||xxu|||||s|||||000 1 eng d | ||
| 040 |
_aPGUSA _beng |
||
| 042 | _adc | ||
| 050 | 4 | _aPZ | |
| 100 | 1 |
_aReed, Talbot Baines, _d1852-1893 |
|
| 245 | 1 | 0 |
_aFollow My Leader : _bThe Boys of Templeton _h[electronic resource] / _cTalbot Baines Reed |
| 260 |
_bProject Gutenberg, _c2007 |
||
| 506 | _aPublic domain in the USA. | ||
| 516 | _aElectronic text | ||
| 653 | _aBoarding schools -- England -- Juvenile fiction | ||
| 653 | _aStudents -- Social life and customs -- Juvenile fiction | ||
| 653 | _aConduct of life -- Juvenile fiction | ||
| 653 | _aSchools -- Fiction | ||
| 700 | 1 |
_aStacey, W. S. _q(Walter S.), _d1846-1929 |
|
| 830 | 0 |
_aProject Gutenberg _v20991 |
|
| 856 | 4 | 0 | _uhttp://www.gutenberg.org/ebooks/20991 |
| 942 | _cEB | ||
| 999 |
_c250246 _d250246 |
||